| 000 | 00564cam a22002291 4500 | ||
|---|---|---|---|
| 001 | sa 68004257 | ||
| 003 | DLC | ||
| 005 | 20260227112500.0 | ||
| 008 | 890613m19659999ii b 000 0 urdr | ||
| 010 | _asa 68004257 | ||
| 035 | _a(OCoLC)19864090 | ||
| 040 |
_aDLC _cWaU _dDLC |
||
| 042 | _apremarc | ||
| 050 | 0 | 0 |
_aBP193 _b.S3 |
| 100 | 0 | _aSaʻādat Ḥusain K̲h̲ān̲. | |
| 245 | 1 | 0 | _aMaṣāʻibushshīʻah. |
| 260 | _c[1965?- | ||
| 300 |
_av. _c18 cm. |
||
| 500 | _aIn Urdu. | ||
| 504 | _aIncludes bibliographies. | ||
| 650 | 0 |
_aShiites _xPersecutions. |
|
| 999 |
_c80087 _d80087 |
||